[Event "Biel SKA"]
[Site "Biel"]
[Date "1996.08.01"]
[Round "9"]
[White "Ehlvest, Jaan"]
[Black "Miles, Anthony John"]
[Result "1-0"]
[WhiteElo "2660"]
[BlackElo "2630"]
[Annotator "Huebner,R"]
[PlyCount "75"]
[EventDate "1996.07.22"]
[EventType "tourn"]
[EventRounds "11"]
[EventCountry "SUI"]
[EventCategory "16"]
[SourceTitle "CBM 055"]
[Source "ChessBase"]
[SourceDate "1996.12.01"]
[SourceVersion "1"]
[SourceVersionDate "1996.12.01"]
[SourceQuality "1"]

1. Nf3 {Psakhis Tisdall Tukmakov} d5 2. d4 Nf6 3. c4 c6 4. Nc3 a6 5. a4 g6 {
Tisdall: The main alternative to 5... e6. Play is now very similar to the
Schlechter variation of the Grunfeld (Grunfeld + ...c6). The addition of the
moves a6 and a4 will of course change the nature of the position, and the
question of how much this changes the position will be critical. 5...e6
gefällt mir besser.} 6. e3 {Tisdall: This is most consistent with Schlechter
positions. White has also tried to first develop the dark-squared bishop:} (6.
Bf4 {Tisdall} Bg7 (6... Nh5 $5 7. Be5 f6 8. Bxb8 Rxb8 9. e3 {Tisdall: led to
very obscure play after} Bg4 10. Be2 e6 11. O-O f5 {Tisdall: in Anastasian,
A-Skomorokhin,V/Kstovo op (05) ;EXP 42 1994/ - (41). 10.h3!? looks more
testing to me, though black could also try to play without 9...Bg4.}) 7. e3 O-O
8. c5 $5 {Tisdall: is a natural alternative.} (8. b4 Bg4 9. Qb3 Bxf3 10. gxf3
Nh5 $5 11. Bxb8 Qxb8 12. cxd5 e5 13. dxe6 fxe6 14. Qxe6+ Kh8 15. Ne4 a5 {
Tisdall: led to strange complications in Genovese,M-Zichichi,A/Catania op (03)
;EXT 94op 1994/0-1 (48)}) (8. Be2 c5 $5 {Tisdall: gives the game more of a
"normal" Grunfeld flavor. Although black's central strike with his c-pawn
comes at the cost of a tempo, the insertion of a2-a4 has created inconvenient
weaknesses for white.} 9. dxc5 $6 (9. O-O $5 cxd4 (9... dxc4 10. d5 $1) 10.
Nxd4 dxc4 11. Bxc4 $10) 9... Qa5 10. O-O (10. cxd5 Nxd5 $1 $17) 10... dxc4 11.
Ne5 (11. Bxc4 Qxc5 12. Bb3 Nc6 13. h3 Bf5 $10) 11... Qxc5 12. Nxc4 Nc6 13. a5
$6 (13. Qb3 Be6 14. Qb6 $10) 13... Be6 $15 {Khalifman,A-Sokolov,I/Groningen
PCA (09) ;CBM 39 1993/0-1 (61)})) 6... Bg7 7. Be2 (7. b4 {Tisdall: is natural
but very committal. It also forfeits the option of creating pressure on the
b-file with Qb3 later.} O-O (7... Bg4 8. Qb3 {Tisdall: This is the most
flexible move if white decides he is going to recapture on f3 with the g-pawn.,
but on the whole this plan is not very convincing for white.} (8. Be2 Nbd7 9.
cxd5 Nxd5 10. Nxd5 cxd5 11. Qb3 e6 12. Ba3 O-O 13. Rc1 Bxf3 14. gxf3 Qg5 $5 {
Tisdall: with active play for black, 1-0 Azmaiparashvili,Z-Hodgson,J Groningen
(04) ;CBM 45 1994 (33).}) 8... Bxf3 9. gxf3 O-O 10. Bd2 e6 (10... Re8 $5) (
10... dxc4 $5) (10... b6 $5) 11. Rc1 Nbd7 {Tisdall: with a solid, flexible
position for black, 1-0 Likavsky,T-Polko,J/SVK-chT (12) ;TD 94\03 1994 (39).})
8. Qb3 dxc4 $5 9. Bxc4 Ne8 10. Qa2 Nd6 11. Bb3 Bf5 12. O-O Nd7 13. Ba3 b5 {
Bd3-c4.} 14. Rfd1 Bg4 15. Qe2 Nb6 16. h3 Bxf3 17. Qxf3 Qd7 $13 {Likavsky,
T-Betko,L/SVK-chT 9495 (03) ;EXT 95ch 1995/0-1 (46)}) (7. Qb3 O-O 8. a5 {
Tisdall: accomplishes less for white than in Ehlvest-Miles.} (8. Bd2 {Tisdall}
e6 9. Bd3 Nbd7 10. O-O Nb6 11. cxd5 exd5 12. a5 Nbd7 13. h3 Re8 14. Qc2 Nf8 15.
Ne5 N6d7 16. Nxd7 Nxd7 17. Na4 Bf8 18. Rad1 Qh4 19. Rfe1 Bd6 {Tisdall: Gostisa,
L-Simic,Dr/Bled op (01) ;EXP 46 1995/ - (52) with active play for black - this
looks very much like a Queen's Gambit Declined gone very wrong for white.})
8... Ne4 $5 9. cxd5 Nxc3 10. bxc3 cxd5 11. c4 dxc4 12. Bxc4 Nc6 13. Bd2 e5 14.
dxe5 Bg4 {Tisdall: 0-1 Mirsch inka,D-Kuraszkiewicz,M/BL2-O 9394 (1994) ;BL2
1994 (29) with initiative for black. White has invested too much time applying
illusory pressure on the queenside.}) 7... O-O 8. O-O Bg4 {Tisdall: This plan
is consistent with the Schlechter Grunfeld, but black may have to return to
the proverbial drawing board to repair this idea, as Ehlvest takes good
advantage of the weaknesses on b7 and b6 here. Alternatives: N/ Es ist die
Schlechter-Variante mit Einschaltung der Züge a2-a4 und a7-a6 entstanden. Dies
bedeutet einen substantiellen Unterschied, wie Weiß sogleich demonstrieren
wird. Folgende andere Fortsetzungen sind hier probiert worden:} (8... c5 9.
dxc5 (9. cxd5 $5 Nxd5 10. e4 Nxc3 11. bxc3 cxd4 12. cxd4 Bg4 13. Be3 e6 14. Rb1
Nc6 15. d5 {Tisdall} exd5 16. exd5 Ne7 17. d6 Nf5 18. Bf4 {Tisdall: and white
maintained an advantage in Gyimesi,Z-Keitlinghaus,L Budapest FS03 GM (03) ;CBM
53 1996/ - (90).}) 9... dxc4 10. Qxd8 Rxd8 11. Bxc4 Nbd7 {Tisdall: is what
black would like to play, but it proves difficult to mount enough pressure on
the c5-pawn.} (11... Nc6 12. e4 Bg4 13. Ng5 Rf8 14. h3 Bd7 15. Be3 $16 {
Khenkin,I-Sokolov,I, Reykjavik op 1994, EXP 39.}) 12. Rd1 Rf8 13. e4 (13. Ra3
$2 Nxc5 14. b4 Be6 $1 $15 15. Bxe6 Nxe6 16. Ne2 Rfc8 17. Rad3 Ne4 18. Nd2 Nd6
19. Nb3 b5 $17 {Tisdall: Black's active pieces, grip on the central light
squares and white's passive bishop add up to an extremely unpleasant position
for white. 0-1 Mukhnik,L-Krivoshey,S/Nikolaev zt (02) ;CBM 47 1995 (43)}) (13.
c6 bxc6 14. a5 {Tisdall: is a very safe and sensible suggestion by Huebner.})
13... Nxc5 14. e5 Nfd7 15. Bg5 e6 16. Be7 Re8 17. Bd6 b6 18. b4 Nb7 19. Bc7 $16
Ra7 20. Be2 $6 (20. Ne4 $1 {Tisdall: would keep white on top since now} Nd8 {
can be met with} 21. Nd6 Rf8 (21... Rxc7 22. Nxe8 Rxc4 23. Nd6 $16) 22. Bb8 $1
Nxb8 23. Nxc8 Rb7 24. b5 $1) 20... Nd8 $1 {Tisdall: allowed black to seize the
upper hand thanks to the weakness of the e5 pawn. Bagaturov,G-Kargoll,B /
Brno-C (05) ;EXT 94 1994/ - (49)}) (8... Ne4 9. cxd5 (9. Nxe4 $5 dxe4 10. Nd2
f5 11. a5 {verspricht dem Weißen eher Vorteil.}) 9... Nxc3 10. bxc3 cxd5 $10 {
Fernandez Idoipe,J-Gomez Cabreso,L, Zaragoza op-C 1995, EXT 95 op.} (10... cxd5
{Tisdall} 11. Ba3 Nc6 12. c4 {Tisdall: is much better for white than the
analogous idea from Mirschinka,D-Kuraszkiewicz,M above. After} Re8 13. cxd5 (
13. Rb1 $5) 13... Qxd5 14. h3 {Tisdall: black had no real problems in
Fernandez Idoipe,J-Gomez Cabrero,L/Zaragoza op-C (06) ;EXT 95op 1995 - (22)
This Grunfeld idea of ...Ne4xc3 looks like one of black's most reliable and
undertested ideas in this variation.})) (8... a5 $5 {Tisdall} 9. Qb3 Na6 10.
Bd2 Nb4 11. Rfd1 Be6 {Tisdall: was a new and rock-solid approach for black in
Baumegger,S-Gaertner, G/Oberwart op (05) ;EXP 53 1996 - (30)}) 9. Qb3 {Weil
das Zugpaar 4...a6 5.a4 im Vergleich zur Schlechter-Variante eingeschaltet ist,
fehlt dem Schwarzen jetzt die Möglichkeit zu 9...Db6.} Ra7 {Dies ist natürlich
einigermaßen häßlich.} (9... b6 {Tisdall: avoids the of problems experienced
in the game, but black will find it extremely difficult to develop without
endangering his weakened queenside - the a,b, and c-pawns are all potential
targets.}) (9... b6 $5 {Psakhis} 10. Bd2 $14) 10. a5 e6 11. h3 Bxf3 12. Bxf3
Nbd7 13. Rd1 Qc7 (13... Qc8 $5 {Tisdall} 14. e4 dxc4 15. Qxc4 e5 {Tisdall:
looks like a more solid idea.}) 14. e4 dxe4 (14... dxc4 {Tisdall} 15. Qxc4 Rc8
$5 {Tisdall: looks more tenacious. It seems more logical to me to aim for ...
e5 in this type of position, which limits the scope of the unopposed
light-squared bishop.} (15... Raa8 {Psakhis} 16. e5 Ne8 (16... Nd5 $2 17. Nxd5
exd5 18. Bxd5 $18) 17. b3 $16)) 15. Nxe4 Nxe4 16. Bxe4 e5 {Dieser Zug gefällt
mir nicht; die Änderung der Bauernstruktur begünstigt die Aktivität der weißen
Läufer. V. Tukmakow schreibt: "16...c5 17.d5 Sf6 18.d6! ist noch schlechter
für Schwarz." (New in Chess 6/1996, S.39). Dies ist sicherlich richtig; aber
nach 16...Taa8 sehe ich noch keinen allzu großen Vorteil für Weiß.} (16... Raa8
$5 17. Be3 Rad8 $14) 17. d5 f5 {Tisdall: At first glance this seems to grant
black an active position, but Ehlvest finds an energetic continuation.} (17...
c5 18. d6 {ist außerordentlich unerfreulich für Schwarz.}) (17... Nc5 18. Qe3
cxd5 19. Rxd5 Rc8 (19... Nxe4 20. Qxa7 Qxc4 21. Qxb7 $18) 20. b4 {kostet den
Nachziehenden Material.}) (17... cxd5 18. Bxd5 {läßt Schwarz in einer
strategisch hoffnungslosen Lage zurück.}) 18. Be3 Raa8 (18... c5 {Psakhis} 19.
d6 Qb8 20. Bd5+ Kh8 21. Be6 $18) 19. dxc6 {Solange Schwarz das Feld d5
kontrolliert, ist der Vorstoß d5-d6 weniger wirksam. Weiß will die Stellung
für sein Läuferpaar öffnen; vielleicht war 19.d6 dennoch stärker.} (19. c5 $5 {
Tisdall: was also tempting:} Kh8 20. dxc6 bxc6 21. Qe6 {but} Nb8 $5 (21... Nxc5
22. Bxc5 Rf6 23. Rd7 Rxe6 24. Rxc7 fxe4 25. Rd1 {Tisdall: is unpleasant for
black.}) 22. Bc2 Rf6 {Tisdall: seems to repel the first wave of invaders,
though I would rate white as comfortably better here.}) (19. d6 {Psakhis} Qb8
20. Bc2 $16) 19... bxc6 20. Bb6 {Die Dame des Schwarzen wird abgedrängt und
das Feld d8 unter Kontrolle genommen. Es spielt keine entscheidende Rolle, daß
der Läufer keine Züge mehr haben wird.} Qb7 $2 (20... Qc8 $5 21. c5+ Kh8 22.
Bd3 e4 23. Bc4 Ne5 {war ein entschieden besserer Verteidigungsversuch.}) 21.
c5+ Rf7 {Tisdall: Black should have invited white to sacrifice, since he has
some surprising defensive resources in the critical lines:} (21... Kh8 {
wird mit} 22. Qe6 {(V.Tukmakow, New in Chess 6/1996, S.39) beantwortet:} (22.
Bc2 {Tisdall} e4 {Tisdall: with ...Ne5 to follow leaves the B on b6 out of
play.} (22... Nf6 {Psakhis} 23. Rd6 Nd5 (23... Ne8 24. Rd2) 24. Rd1 $16)) 22...
Nxb6 23. axb6 (23. Bxc6 Qc8 24. Qxc8 Raxc8 (24... Rfxc8 25. Bxa8 Nxa8 $13) 25.
axb6 Rxc6 26. b4 {Tisdall: Tukmakov mentioned this line without assessment. (V.
Tukmakov, loc. cit.)} e4 27. Rxa6 Bc3 $13 {Tisdall: is a clear improvement for
black over the previous variation - he has used the extra move to gain a more
active position and should have good chances to defend.}) 23... Rf6 (23... fxe4
24. Rd7 Qb8 25. Qe7 Rg8 26. b7 Ra7 27. Rad1 {(V. Tukmakov, loc. cit.).Schwarz
ist an Händen und Füßen gebunden und kann sich nicht rühren; Weiß gewinnt
mühelos, zum Beispiel:} Qf8 28. Qxf8 Rxf8 29. b8=Q) 24. Bxc6 (24. Qd7 Qxd7 25.
Rxd7 fxe4 26. Rxa6 {Tisdall: wins according to Tukmakov, but this romantic
line seems to have a tactical flaw: wird von V.Tukmakow als Gewinnvariante für
Weiß angegeben; indessen folgt} Rxa6 27. Rd8+ Rf8 28. Rxf8+ Bxf8 29. b7 Rb6 30.
cxb6 Bd6 {, und Schwarz gewinnt.  Tisdall: and white's pawns have been
neutralized.}) 24... Qxc6 25. Qxc6 Rxc6 26. Rxa6 {Tisdall: and white
transposes into B1 below, which is his most promising line.} Rb8 27. b4 e4 28.
Rd5 {Tisdall: White's pawns should be worth more than a piece. He has ideas of
Rc7 as well as doubling rooks on the 7th rank.} (28. Ra7 {Tisdall: White's
pawns should be worth more than a piece. He has ideas of Rc7 as well as
doubling rooks on the 7th rank.}) 28... Rcc8 29. b5 {Schwarz wird den
Freibauern des Weißen nicht gewachsen sein.}) 22. Bb1 $1 {Tisdall: A powerful
move and one easily overlooked.} Raf8 (22... Nxc5 23. Qc4 {Tisdall: followed
by Ba2 wins the exchange for white.} Ne4 24. Ba2 {ist hoffnungslos für Schwarz.
} (24. Ba2 {Psakhis} Raf8 25. Rd8 $5 Rxd8 26. Bxd8 $16)) (22... Nf6 23. Ba2 Nd5
24. Rxd5 cxd5 25. Qxd5 {kann der Nachziehende auch nicht überleben.}) 23. Ba2
Kh8 24. Qxf7 Rxf7 25. Bxf7 Bf8 (25... Nxb6 26. axb6 (26. Rd8+ Bf8 27. Rxf8+ Kg7
28. axb6 Kxf8 29. Bc4 $16) 26... Qxf7 27. Rd8+ Bf8 28. Rxa6 $18 {(V. Tukmakov,
loc. cit.) Es gibt keine Rettung mehr für Schwarz; seine Damenflügelbauern
sind dem Tode geweiht.} (28. Rxa6 {Psakhis} Qe7 29. Rxf8+ Qxf8 30. b7 $18)) 26.
Be6 Nf6 (26... Nxc5 {Tisdall} 27. Bxc5 Bxc5 28. Rd8+ $18) (26... Nxb6 {Psakhis}
27. axb6 Bxc5 $2 28. Rd8+ Kg7 29. Rd7+) (26... Nb8 {Psakhis} 27. Rd8 Kg7 28.
Rad1 $18) 27. Rd8 Qe7 (27... Kg7 {Tisdall} 28. Rad1 $18) 28. Bc4 {[%cal Rc4a6,
Ra5a8]} Kg7 29. Rc8 Kh6 30. Rxc6 (30. Bxa6 $18 {Tisdall}) 30... Ne4 31. Rc8 Qh4
32. c6 Be7 (32... Nd6 {Psakhis} 33. Be3+ f4 34. Rxf8 fxe3 35. Bxa6 $18) 33. Bf1
(33. Bxa6 $5 {Psakhis}) 33... Bc5 34. Bxc5 Nxc5 35. Rc1 Ne6 (35... Ne4 {Psakhis
} 36. Rc2) (35... Qd4 {Psakhis} 36. Rc4 Qd6 37. c7 Kg5 38. b4) 36. Re8 Ng5 37.
Rc3 Ne4 38. Rc2 1-0